000 00677nam a2200253Ia 4500
003 OSt
005 20220923214544.0
006 a|||||r|||| 00| 0
007 ta
008 220922b |||||||| |||| 00| 0 hin d
020 _c1.5
024 _a170,741
037 _cTextual
040 _aARTS
_cARTS
_bhin
041 _2hin
_ahin
082 _aO152,3N104,HU, J2
100 _aरांगेय राघव
245 0 _aहुजूर
246 _aHujūra
260 _c1952
650 _aहिन्दी साहित्य
_9156264
942 _hO152,3N104,HU, J2
_cTEXL
_2CC
999 _c325025
_d325025